Guida alla lettura della Metafisica di Aristotele.

Gespeichert in:
Bibliographische Detailangaben
1. Verfasser: Reale, Giovanni (VerfasserIn)
Format: Buch
Sprache:Englisch
Veröffentlicht: Roma-Bari: Laterza, 1997.
Ausgabe:Prima edizione.
Schriftenreihe:Guide ai classici,
Schlagworte:
Tags: Tag hinzufügen
Keine Tags, Fügen Sie den ersten Tag hinzu!

MARC

LEADER 00000nam a22000007a 4500
003 CL-VaPUC
005 20241127085259.0
008 220708t1997 ||||| |||| 00| 0 eng d
999 |c 436830  |d 436828 
020 |a 88-420-5247-7 
040 |c Pontificia Universidad Católica de Valparaíso 
082 |2 22  |a 185 REA 1997 
100 |a Reale, Giovanni  |9 316785  |e author 
245 |a Guida alla lettura della Metafisica di Aristotele.  
250 |a Prima edizione.  
260 |a Roma-Bari:   |b Laterza,   |c 1997.  
300 |a 223 páginas.  
490 |a Guide ai classici,   |n  2. 
500 |a c.1 Donación Familia Prof. Alejandro Guzmán Brito. 
583 |c 20220708  |k Yessy Sthefany Diaz Vidal 
600 0 |a Aristóteles,  |d 384 a.C.- 322 a.C.  |v Metafísica   |9 194 
650 0 |a Filosofía griega  |9 265579  |x Crítica e interpretación  
650 0 |a Metafísica  |9 265649  |x Crítica e interpretación  
942 |2 ddc  |c BK  |n 0 
952 |0 0  |1 0  |2 ddc  |4 0  |6 185_000000000000000_REA_1997  |7 0  |8 C_AGB  |9 584560  |a BIBDER  |b BIBDER  |d 2022-07-08  |e Donación   |i 5652639  |o 185 REA 1997  |p 5652639  |r 2023-01-25  |t 1  |w 2022-07-08  |y BK_US  |k AGB